[Event "Passau op 7th"]
[Site "Passau"]
[Date "1999.04.02"]
[Round "1"]
[White "Bensch, Patrick"]
[Black "Rieh, Christian"]
[Result "1-0"]
[WhiteElo "2255"]
[BlackElo "1824"]
[PlyCount "41"]
[EventDate "1999.04.02"]
[EventType "swiss"]
[EventRounds "7"]
[EventCountry "GER"]
[SourceTitle "EXT 2000"]
[Source "ChessBase"]
[SourceDate "1999.11.16"]
[SourceVersion "1"]
[SourceVersionDate "1999.11.16"]
[SourceQuality "1"]

1. e4 c5 2. Nf3 e6 3. d4 cxd4 4. Nxd4 a6 5. Nc3 Qc7 6. Be2 Nf6 7. Be3 Be7 8. 0-0 0-0 9. f4 d6 10. Kh1 e5 11. Nf5 Bxf5 12. exf5 Rd8 13. Bf3 Nc6 14. Nd5 Nxd5 15. Bxd5 Rac8 16. c3 Bf6 17. Qh5 Qe7 18. g4 exf4 19. Bxf4 Re8 20. g5 Be5 21. g6 1-0